000 00304nam a22001337a 4500
008 170615b xxu||||| |||| 00| 0 eng d
020 _a9780534536848
041 _aeng
080 _a328
100 _a19
101 _aSHP
245 _aAMERICAN GOVERNMENT AND POLITICS
_cBESSETTE,J.M
942 _2udc
_cBK
999 _c17593
_d17593